Medio 4 : natural, social y cultural : educación primaria, segundo ciclo : Madrid

Gespeichert in:
Bibliographische Detailangaben
Weitere Verfasser: Escolano Benito, Agustín
Format: Buch
Sprache:Spanisch
Erschienen: Barcelona : Vicens Vives, 1997
Ausgabe:1ª ed., 4ª reimp.
Katalog:MANES:  Suchergebnis im Bibliothekskatalog
Schulbuchspezifische Eigenschaften:
Tags: Tag hinzufügen
Keine Tags, Fügen Sie den ersten Tag hinzu!
Hinzugefügt zu:29.11.1999
Geändert in:07.05.2025

MARC

LEADER 00000cam a2200000 i 4500
005 20250507134449.0
008 000000s1997 esp 000 0 spa d
020 |a 8431632100 
040 |a uned  |b spa  |c entro-manes 
245 0 0 |a Medio 4 :   |b natural, social y cultural : educación primaria, segundo ciclo : Madrid /   |c Agustín Escolano ... [et al.] 
250 |a 1ª ed., 4ª reimp. 
260 |a Barcelona :   |b Vicens Vives,   |c 1997 
300 |a 221 p. :   |b il. 
546 |a España 
561 |5 es-BUNED  |3 L.T.M. 2962  |a España. Fondo Manes UNED  |k MANES 
690 0 |a CN  |a CS  |a GEO 
691 0 |a PRI 
700 1 |a Escolano Benito, Agustín 
942 |2 ddc  |c BK 
999 |c 95044  |d 95044 
999 |c manes:95044  |d 95044